East-West Passage: (Record no. 13200)
[ view plain ]
| 000 -LEADER | |
|---|---|
| fixed length control field | 00891nam a2200241 4500 |
| 001 - CONTROL NUMBER | |
| control field | 4177480 |
| 005 - DATE AND TIME OF LATEST TRANSACTION | |
| control field | 19710614000000.0 |
| 008 - FIXED-LENGTH DATA ELEMENTS--GENERAL INFORMATION | |
| fixed length control field | 710603s1971 nyuabh |db 001 0 eng d |
| 010 ## - LIBRARY OF CONGRESS CONTROL NUMBER | |
| LC control number | 79137663 |
| 020 ## - INTERNATIONAL STANDARD BOOK NUMBER | |
| International Standard Book Number | 0800823559 |
| 040 ## - CATALOGING SOURCE | |
| Original cataloging agency | DLC |
| Transcribing agency | DLC |
| Modifying agency | DLC |
| 050 00 - LIBRARY OF CONGRESS CALL NUMBER | |
| Classification number | CB251 |
| Item number | .E3 1971b |
| 082 00 - DEWEY DECIMAL CLASSIFICATION NUMBER | |
| Classification number | 301.29182105 |
| Edition number | 22 |
| Item number | EDW |
| 100 1# - MAIN ENTRY--PERSONAL NAME | |
| Personal name | Edwardes, Michael. |
| 9 (RLIN) | 10631 |
| 245 10 - TITLE STATEMENT | |
| Title | East-West Passage: |
| Remainder of title | The Travel of Ideas, Arts, and Inventions between Asia and the Western world/ |
| Statement of responsibility, etc | Michael Edwardes |
| 260 ## - PUBLICATION, DISTRIBUTION, ETC. (IMPRINT) | |
| Place of publication, distribution, etc | New York: |
| Name of publisher, distributor, etc | Taplinger, 1971 |
| Date of publication, distribution, etc | 1971 |
| 300 ## - PHYSICAL DESCRIPTION | |
| Extent | xvi, 248 p.: |
| Other physical details | ill., facsims., map.; |
| Dimensions | 22 cm. |
| 500 ## - GENERAL NOTE | |
| General note | Donated by: Alaa Abdel Ghany |
| 504 ## - BIBLIOGRAPHY, ETC. NOTE | |
| Bibliography, etc | Bibliography: p. 213-229. |
| 650 #0 - SUBJECT ADDED ENTRY--TOPICAL TERM | |
| Topical term or geographic name as entry element | East and West. |
| 9 (RLIN) | 10632 |
| 942 ## - ADDED ENTRY ELEMENTS (KOHA) | |
| Source of classification or shelving scheme | Dewey Decimal Classification |
| Item type | Book - Borrowing |
| Withdrawn status | Item status | Source of classification or shelving scheme | Damaged status | Not for loan | Vendor | Home library | Current library | Shelving location | Date acquired | Source of acquisition | Total Checkouts | Full call number | Barcode | Date last seen | Koha item type |
|---|---|---|---|---|---|---|---|---|---|---|---|---|---|---|---|
| Dewey Decimal Classification | Central Library | Central Library | First floor | 24/01/2010 | Donation | 301.29182105 EDW | 000019493 | 15/07/2025 | Book - Borrowing |